Statistics for Highest US States

Click here to take the quiz!

General Stats

  • This quiz has been taken 24 times
  • The average score is 14 of 15

Answer Stats

Feet State Meters % Correct
6,800Colorado2,070
100%
6,100Utah1,860
100%
4,100Arizona1,250
100%
2,900California880
100%
6,700Wyoming2,040
95%
5,700New Mexico1,740
95%
5,000Idaho1,520
95%
3,400Montana1,040
95%
1,900Alaska580
95%
5,500Nevada1,680
90%
3,300Oregon1,010
90%
3,030Hawaii920
85%
2,000Kansas610
85%
2,600Nebraska790
80%
2,200South Dakota670
80%

Score Distribution

Percentile by Number Answered

Percent of People with Each Score

Your Score History

You have not taken this quiz